Estatísticas para Ranking dos maiores campeões estaduais do Norte do Brasil

Clique aqui para jogar o quiz

Estatísticas Gerais

  • Esse quiz foi jogado 18 vezes
  • A pontuação média é 9 de 20

Estatísticas das Respostas

#TimeEstadoNº de títulos% Correto
PaysanduPA49
100%
3RemoPA47
100%
1Rio BrancoAC49
89%
4NacionalAM43
83%
10São RaimundoRR14
72%
Tuna LusoPA10
67%
7Atlético RoraimaRR17
61%
18AtléticoAC9
56%
20TremAP8
56%
MacapáAP17
50%
5BaréRR26
39%
6FerroviárioRO18
28%
Ji-ParanáRO9
28%
14YpirangaAP10
28%
AmapáAP11
22%
Rio NegroAM17
22%
FlamengoRO10
11%
JuventusAC14
11%
Moto ClubeRO10
11%
12IndependênciaAC11
6%

Distribuição das Pontuações

Percentil de Números Respondidos

Porcentagem de Pessoas com Cada Pontuação

Sua Pontuação Histórica

Você não jogou esse quiz